000 00647nam a2200217Ia 4500
005 20260429112155.0
008 260429s9999||||xx |||||||||||||| ||und||
020 _a9781837533978
041 _aEnglish
082 _a658.4
_bJEN
100 _aJensen, Karina R.
245 0 _aInnovation leadership in practice :
_bhow leaders turn ideas into value in a changing world /
_cKarina R. Jensen
250 _a1st ed.
260 _aUnited Kingdom :
_bEmerald Publishing,
_c2024.
300 _axxiv, 381 p.; hb
650 _a Innovation
650 _aLeadership
700 _a Kaudela-Baum, Stephanie
700 _a Sheffield, Rob
942 _cTB
999 _c52724
_d52724